| 000 | 01225cam a22002774a 4500 | ||
|---|---|---|---|
| 999 |
_c332405 _d332405 |
||
| 001 | 11988351 | ||
| 003 | NUST | ||
| 005 | 20171204095051.0 | ||
| 008 | 000427s2000 nyuab b 001 0 eng | ||
| 010 | _a 00031593 | ||
| 020 | _a0824703324 (alk. paper) | ||
| 040 |
_aDLC _cDLC _dDLC |
||
| 042 | _apcc | ||
| 050 | 0 | 0 |
_aTD879.H38 _bR44 2000 |
| 082 | 0 | 0 |
_a628.55 WIS _221 |
| 245 | 0 | 0 |
_aRemediation engineering of contaminated soils / _cEdited by Donald L. Wise ... [et al.]. |
| 260 |
_aNew York : _bM. Dekker, _cc2000. |
||
| 300 |
_aviii, 996 p. : _bill., maps ; _c26 cm. |
||
| 440 | 0 |
_aEnvironmental science and pollution control series ; _v23 _96892 |
|
| 500 | _aH.B | ||
| 504 | _aIncludes bibliographical references and index. | ||
| 650 | 0 |
_aHazardous wastes _xEnvironmental aspects. _96893 |
|
| 650 | 0 |
_aSoil remediation. _96465 |
|
| 700 | 1 |
_aWise, Donald L. _q(Donald Lee), _d1937- _96507 |
|
| 856 | 4 | 2 |
_3Publisher description _uhttp://www.loc.gov/catdir/enhancements/fy0647/00031593-d.html |
| 906 |
_a7 _bcbc _corignew _d1 _eocip _f20 _gy-gencatlg |
||
| 942 |
_2ddc _cBK _kIESE |
||